[Event "OWL-ch U18"]
[Site "Hiddenhausen"]
[Date "2005.01.02"]
[Round "1"]
[White "Schier, Jan"]
[Black "Huneke, Alexander"]
[Result "1/2-1/2"]
[WhiteElo "1658"]
[BlackElo "1628"]
[PlyCount "81"]
[EventDate "2005.01.02"]
[EventType "tourn"]
[EventRounds "7"]
[EventCountry "GER"]
[SourceTitle "EXT 2007"]
[Source "ChessBase"]
[SourceDate "2006.11.23"]
[SourceVersion "1"]
[SourceVersionDate "2006.11.23"]
[SourceQuality "1"]

1. e4 e6 2. Nc3 Bb4 3. a3 Ba5 4. b4 Bb6 5. Nf3 d5 6. Bb5+ Bd7 7. Bxd7+ Qxd7 8. 0-0 Ne7 9. Bb2 0-0 10. Ne5 Qd8 11. exd5 Nxd5 12. Na4 Nd7 13. c4 Nf4 14. c5 Qg5 15. Qg4 Nxe5 16. Qxg5 Nf3+ 17. gxf3 Nh3+ 18. Kg2 Nxg5 19. cxb6 cxb6 20. h4 Nxf3 21. Kxf3 Rad8 22. Ke2 f5 23. Rg1 Rf7 24. Rg3 Rfd7 25. Bc3 e5 26. Nb2 Re8 27. Rd3 Rde7 28. Re1 e4 29. Rg3 f4 30. Rxg7+ Rxg7 31. Bxg7 Kxg7 32. Rg1+ Kf6 33. Rg4 f3+ 34. Ke3 Kf5 35. Rf4+ Kg6 36. Rxe4 Rd8 37. d4 Kh5 38. Kxf3 Rf8+ 39. Rf4 Rxf4+ 40. Kxf4 Kxh4 41. d5 1/2-1/2